[Event "FAI-ch 2020"]
[Site "Runavik"]
[Date "2020.10.30"]
[Round "5.3"]
[White "Berg, Margar M."]
[Black "Nolsoe, Rani"]
[Result "0-1"]
[WhiteElo "1912"]
[BlackElo "2061"]
[Annotator "TA"]
[PlyCount "94"]
[EventDate "2020.10.23"]
[EventType "tourn"]
[EventCountry "FAI"]
[SourceTitle "playchess.com"]
[Source "ChessBase"]
[SourceQuality "1"]

{[%evp 17,94,15,43,1,16,-36,11,0,17,0,0,-41,-23,-34,-30,-50,-43,-112,-17,-8,-20,-20,-2,-60,0,-65,-24,-32,-3,-145,-170,-192,-209,-258,-152,-237,-262,-378,-135,-470,-522,-471,-162,-164,-161,-266,-266,-266,-266,-266,-266,-273,-273,-456,-450,-415,-273,-273,-266,-433,-266,-520,-383,-479,-455,-589,-588,-907,-907,-907,-907,-837,-707,-685,-664,-812,-792,-5023,-5023]} 1. d4 d6 2. c4 g6 3. Nf3 Bg7 4. g3 Nf6 5. Nc3 O-O 6. Bg2 c6 7. O-O Nbd7 8. Qc2 e5 9. dxe5 dxe5 10. b4 {E67: King's Indian: Fianchetto: 6...Nbd7.} Re8 {[#]} 11. b5 $146 (11. Rb1 $11) ({Predecessor:} 11. Bb2 Qe7 12. c5 a5 13. a3 e4 14. Ng5 e3 15. f4 Nf8 16. Rad1 h6 17. Nf3 Bf5 {½-½ (83) Babujian,L (2515)-Grigoryan,A (2504) Martuni 2009}) 11... Qc7 (11... e4 $5 {[%cal Re4f3]} 12. Nd4 Ng4 13. bxc6 bxc6 $15) 12. Ng5 {The position is equal.} Nc5 13. bxc6 bxc6 14. Nb5 cxb5 15. Bxa8 h6 16. cxb5 hxg5 17. Bc6 ({Better is} 17. Ba3 $15 Bf8 18. Bxc5 Qxc5 19. Qxc5 Bxc5 20. Bc6) 17... Nfd7 (17... Ne6 $17 18. Bb2 Nd4 19. Bxd4 exd4) 18. Be3 Ne6 19. Rac1 Nd4 $36 {[%mdl 2048] Black is more active.} 20. Qd3 (20. Bxd4 $1 $11 exd4 21. Qxg6) 20... Qd6 ({Black should play} 20... Qa5 $15) 21. a4 (21. Bxg5 $11 Qe6 22. Qd2) 21... g4 22. a5 Rd8 {Threatening ...Nc5.} 23. Bxd4 (23. Qc4 $1 $11) 23... exd4 $17 24. Qb3 Ne5 25. Rfd1 d3 (25... Bh6 $19 26. Rb1 Nxc6 27. bxc6 Qxc6) 26. exd3 (26. Be4 $17 {was necessary.}) 26... Be6 $19 ({But not} 26... Nxd3 $2 27. Be4 $18) 27. Qc2 (27. Qa4 $142) 27... Bd5 $2 (27... Bh6 $19 {is more deadly.} 28. Ra1 Bd5) 28. Bxd5 $4 {[%mdl 8192] White does not recover from this.} (28. Qc5 $17 Nxc6 29. bxc6) 28... Qxd5 {[%mdl 64] Double Attack} 29. Qc5 {Black must now prevent Qxd5.} Nf3+ $2 (29... Qa8 {...Nf3+ is the strong threat.} 30. Qe7 Re8) 30. Kh1 Qa2 {And now ...Bd4 would win.} 31. Qc2 (31. Qc4 $142 Qxf2 32. Rc2) 31... Qxa5 32. Qc7 Qxc7 33. Rxc7 {[#]} Bd4 $1 34. Kg2 Re8 35. h3 $2 {[#]} (35. Rc4) 35... Re2 $1 36. Rf1 f5 37. Rc4 Kg7 38. Rc6 $2 (38. hxg4 fxg4 39. Ra4) 38... Bb6 {Hoping for ...Ne1+.} 39. Rc4 $2 (39. hxg4 {might work better.} fxg4 40. Rcc1) 39... Rb2 40. hxg4 Nd2 {[%mdl 64] Double Attack. Black is clearly winning.} 41. gxf5 Nxf1 42. f6+ Kf7 43. Kxf1 Rxf2+ 44. Ke1 Rg2 45. Rg4 Kxf6 46. d4 g5 {( -> ...Kf5)} 47. d5 Kf5 {Av CentiPawn Loss W=-91/B=-40. Weighted=-79/-60} 0-1

[Event "FAI-ch 2020"]
[Site "Runavik"]
[Date "2020.10.31"]
[Round "6.1"]
[White "Nielsen, Hogni Egilstoft"]
[Black "Nolsoe, Rani"]
[Result "1/2-1/2"]
[WhiteElo "2396"]
[BlackElo "2061"]
[Annotator "TA"]
[PlyCount "76"]
[EventDate "2020.10.23"]
[EventType "tourn"]
[EventCountry "FAI"]
[SourceTitle "playchess.com"]
[Source "ChessBase"]
[SourceQuality "1"]

{[%evp 19,76,37,35,18,39,42,57,43,45,33,30,34,35,22,27,30,44,18,26,5,36,19,27,0,0,-17,-25,-16,0,-47,18,0,40,36,47,-36,0,-45,-44,-59,-54,-59,-58,-66,-66,-39,-39,-39,-34,-34,-34,-37,-40,-42,0,0,0,0,0]} 1. e4 d6 2. Nc3 Nf6 3. f4 g6 4. Nf3 Bg7 5. d4 c5 6. dxc5 Qa5 7. Bd3 Qxc5 8. Qe2 Nc6 9. Be3 Qa5 10. O-O O-O $1 {10...0-0 is better than 10...Bg4.} 11. a3 {B09: Pirc Defence: Austrian Attack.} Ng4 12. Bd2 Nd4 {[#]} 13. Qd1 $146 {White is slightly better.} ({Predecessor:} 13. Nxd4 Bxd4+ 14. Kh1 Qh5 15. h3 Nf6 16. Qxh5 Nxh5 17. Kh2 f5 18. Rae1 fxe4 19. Rxe4 {1-0 (37) Babiy,O (2258)-Berdnyk,M (2319) Lutsk 2019}) 13... Bd7 14. h3 Nxf3+ 15. Qxf3 Qb6+ 16. Kh1 Nf6 $1 17. Be3 Qc7 18. Bd4 Bc6 {With the idea ...Nxe4.} 19. Nd5 Qd8 (19... Bxd5 {keeps more tension.} 20. exd5 e5 21. dxe6 fxe6 22. c3 Nh5) 20. Nxf6+ (20. Rae1 {is more complex.} Nd7 21. Bxg7 Kxg7 22. c4 e6 23. Bc2) 20... Bxf6 21. Bxf6 exf6 22. Qg3 Re8 23. Rae1 Qb6 24. f5 g5 ({Black should play} 24... Qxb2 $15 25. fxg6 hxg6) 25. Qxd6 Kg7 26. Qb4 Qc7 27. Bb5 (27. Qc3 $14) 27... Re5 28. Bxc6 Qxc6 29. Rf2 Rd8 $1 30. Rfe2 $1 Rb5 $1 {[%cal Rb5b4]} 31. Qa4 Rxb2 32. Qxa7 Rxc2 33. Rxc2 Qxc2 34. Qxb7 $15 {KQR-KQR} Qf2 35. Ra1 g4 {Strongly threatening ...gxh3.} 36. hxg4 Rd2 {[%csl Gd2][%cal Rf2g2] [#]} 37. e5 $1 Qh4+ (37... fxe5 38. Qf3) 38. Kg1 Qf2+ {Av CentiPawn Loss W=-12/B=-11. Weighted=-11/-11} 1/2-1/2

[Event "FAI-ch 2020"]
[Site "Runavik"]
[Date "2020.10.31"]
[Round "6.2"]
[White "Jacobsen, Heidrikur T."]
[Black "Berg, Margar M."]
[Result "0-1"]
[WhiteElo "1873"]
[BlackElo "1912"]
[Annotator "TA"]
[PlyCount "64"]
[EventDate "2020.10.23"]
[EventType "tourn"]
[EventCountry "FAI"]
[SourceTitle "playchess.com"]
[Source "ChessBase"]
[SourceQuality "1"]

{[%evp 9,64,6,33,-20,-28,-24,-25,-43,-45,-33,-20,-30,20,0,26,-16,-14,-20,0,-25,20,8,20,-36,-29,-85,-36,-203,-201,-190,-190,-263,-198,-375,-342,-356,-165,-183,-242,-381,-365,-355,-367,-584,-528,-465,-448,-29985,-29986,-29992,-29993,-29993,-29992,-29994,-29995,-29995,-29996]} 1. d4 d5 2. Nf3 Nf6 3. Bf4 e6 4. e3 Nbd7 5. Bd3 Nh5 6. Bg3 {D02: 1 d4 d5 2 Nf3 sidelines, including 2...Nf6 3 g3 and 2...Nf6 3 Bf4.} (6. Be5 $14) 6... Nxg3 $11 7. hxg3 g6 8. c3 {Black has an edge.} Bg7 9. Nbd2 c6 {[#]} 10. Qc2 $146 ({Predecessor:} 10. e4 dxe4 11. Nxe4 Nf6 12. Ne5 Nxe4 13. Bxe4 Qc7 14. Qe2 O-O 15. f4 c5 16. Qc4 {1-0 (43) Mlynek,M (1248)-Zaboklicki,Z (1738) Krakow 2019}) 10... b5 11. e4 a6 12. e5 c5 13. a4 c4 14. Be2 bxa4 15. Qxa4 O-O 16. b4 (16. b3 $11) 16... Bb7 17. Nh4 (17. Qa5 $11 {keeps the balance.}) 17... f6 18. f4 $2 {White does not recover from this.} ({Only move:} 18. exf6 $15 Nxf6 19. f4) 18... fxe5 $19 19. fxe5 {[#]} Nxe5 $1 {[%mdl 512]} 20. Qc2 (20. dxe5 {was called for.} Bxe5 21. Nhf3 Bxc3 22. Rc1) 20... Qg5 21. O-O-O $2 (21. dxe5 Qxe5 22. Nhf3 Qxc3 23. Qxc3 Bxc3 24. Rb1) 21... a5 {Threatens to win with ...axb4.} 22. b5 a4 ({Not} 22... Qxg3 23. dxe5 Qxe5 24. Bg4 $17) (22... Rf2 $142 23. dxe5 Rxe2) 23. dxe5 Qxe5 24. Ndf3 (24. Bg4 {was the only chance.} Bc8 25. Rde1 Qxg3 26. Bxe6+ Bxe6 27. Rxe6) 24... Qxc3 25. Qxc3 Bxc3 26. Nd4 (26. Kc2 $142 Bg7 27. Ng5) 26... e5 27. Nc6 Rf2 28. Bg4 {[#]} (28. Rd2 $19 a3 29. Ra2) 28... a3 {[%cal Ba4a3,Ba3a2][%mdl 32] Black mates.} 29. Be6+ Kg7 30. Rxd5 Bxc6 31. bxc6 a2 {[%cal Ra2a1]} 32. Rd7+ Kf6 {Av CentiPawn Loss W=-74/B=-19. Weighted=-67/-34} 0-1

[Event "FAI-ch 2020"]
[Site "Runavik"]
[Date "2020.10.31"]
[Round "6.3"]
[White "Danielsen, Andrias"]
[Black "Apol, Luitjen Akselsson"]
[Result "0-1"]
[WhiteElo "1886"]
[BlackElo "2126"]
[Annotator "TA"]
[PlyCount "64"]
[EventDate "2020.10.23"]
[EventType "tourn"]
[EventCountry "FAI"]
[SourceTitle "playchess.com"]
[Source "ChessBase"]
[SourceQuality "1"]

{[%evp 9,64,1,0,0,6,0,5,0,14,-72,-72,-74,-83,-90,-73,-68,-69,-72,-62,-60,-77,-80,-77,-80,-30,-169,-155,-193,-177,-452,-455,-455,-450,-787,-776,-768,-743,-728,-725,-832,-827,-940,-918,-1055,-1041,-1067,-979,-2066,-2037,-1802,-1682,-1639,-1378,-12836,-11144,-1271,-1186]} 1. e4 c5 2. Nc3 Nc6 3. Bb5 Nd4 4. Bc4 e6 5. Nge2 Nf6 6. O-O {B23: Closed Sicilian: Lines without g3.} a6 7. a4 d5 8. exd5 {The position is equal.} exd5 9. Nxd5 (9. Ba2 $1 $11) 9... Nxd5 $17 10. Nxd4 cxd4 11. Qh5 Be6 12. Re1 Nf4 13. Rxe6+ $1 Nxe6 14. Bxe6 {[%csl Ge6][%cal Rh5f7] [#]} Qe7 15. Bc4 Qe1+ 16. Bf1 {[#]} d3 $146 ({Predecessor:} 16... Be7 17. Qd5 O-O 18. Qxd4 Bf6 19. Qg4 Rad8 20. d3 Bd4 21. Qf3 Rd6 22. Bf4 Qxa1 23. Bxd6 {0-1 (34) Budzinski,J (2018)-Kostecka,M (1898) Krakow 2018}) 17. b3 {White does not recover from this.} (17. Qf3 $11 {and White has nothing to worry.}) 17... dxc2 $19 18. Qf5 Bd6 {Strongly threatening ...0-0.} 19. Qxc2 $2 {[#]} (19. g3) 19... Qe5 $1 {[%csl Gd6,LRa1,LRh2][%cal Re5h2][%mdl 64] Double Attack. Black is clearly winning.} 20. g3 {Threatening Bb2.} Qxa1 21. Qe4+ (21. Bb2 $142 Qe1 22. Bxg7) 21... Qe5 22. Qxb7 O-O {...Qa1 is the strong threat.} 23. d4 Qxd4 24. Be3 Qd1 25. Kg2 Rab8 26. Qxa6 Qd5+ 27. Kh3 Rxb3 28. Bc4 Qf5+ 29. Kg2 Qe4+ 30. Kh3 Rc3 31. Ba2 Rxe3 32. fxe3 Qf5+ {Av CentiPawn Loss W=-113/B=-65. Weighted=-138/-123} 0-1

[Event "FAI-ch 2020"]
[Site "Runavik"]
[Date "2020.10.31"]
[Round "7.1"]
[White "Apol, Luitjen Akselsson"]
[Black "Nielsen, Hogni Egilstoft"]
[Result "1/2-1/2"]
[WhiteElo "2126"]
[BlackElo "2396"]
[Annotator "TA"]
[PlyCount "24"]
[EventDate "2020.10.23"]
[EventType "tourn"]
[EventCountry "FAI"]
[SourceTitle "playchess.com"]
[Source "ChessBase"]
[SourceQuality "1"]

{[%evp 9,24,12,20,17,60,62,79,51,68,25,25,0,2,2,27,-9,-5]} 1. e4 d5 2. exd5 Nf6 3. Bb5+ Bd7 4. Bxd7+ Qxd7 5. Nf3 Nxd5 6. d4 {[#] B01: Scandinavian Defence.} c6 $146 ({Predecessor:} 6... Qe6+ 7. Qe2 Qxe2+ 8. Kxe2 Nc6 9. a3 e6 10. Bd2 Be7 11. Nc3 Nb6 12. Rad1 O-O-O 13. Be3 Nc4 {½-½ (26) Saenz Rebull,J (2018)-Montell Zabay,A (1969) Barcelona 2018}) 7. O-O e6 8. Qe2 {White is better.} Be7 9. Nbd2 {[%cal Bb1d2,Bd2c4,Bc4e5][%mdl 32]} Qc7 10. Nc4 Nd7 11. Nce5 O-O 12. Re1 b5 1/2-1/2

[Event "FAI-ch 2020"]
[Site "Runavik"]
[Date "2020.10.31"]
[Round "7.2"]
[White "Berg, Margar M."]
[Black "Gregersen, Hedin"]
[Result "1/2-1/2"]
[WhiteElo "1912"]
[BlackElo "1804"]
[Annotator "TA"]
[PlyCount "111"]
[EventDate "2020.10.23"]
[EventType "tourn"]
[EventCountry "FAI"]
[SourceTitle "playchess.com"]
[Source "ChessBase"]
[SourceQuality "1"]

{[%evp 13,111,25,41,0,9,-6,2,-51,36,-76,-2,-13,-7,-8,-10,0,0,-77,11,17,66,14,125,45,145,144,183,121,133,108,110,112,113,127,125,153,128,85,110,30,23,26,33,27,26,27,28,28,25,-5,34,37,42,0,141,141,141,141,141,140,141,140,196,145,175,141,141,141,154,154,154,154,154,150,1255,1255,1247,1197,900,85,1175,1135,846,787,780,758,29970,6079,1483,8,8,8,8,8,8,8,8,8,8,8]} 1. d4 g6 2. Nf3 Bg7 3. g3 Nf6 4. Bg2 O-O 5. O-O d6 6. c4 Nbd7 7. Nc3 Re8 8. b4 {E67: King's Indian: Fianchetto: 6...Nbd7.} e5 9. dxe5 {[#]} dxe5 $146 ({Predecessor:} 9... Nxe5 10. Nxe5 Rxe5 11. Bb2 Rh5 12. Ne4 Nxe4 13. Bxg7 Nxg3 14. fxg3 Kxg7 15. Qd4+ Re5 {0-1 (35) Eberhard,B-Berry,J (2054) Stillwater 2009}) 10. Qb3 (10. Rb1 $11) 10... c6 (10... e4 $15 11. Nd4 a5) 11. a4 (11. Ng5 $14) 11... a5 (11... e4 $1 $17 {[%cal Re4f3]} 12. Ng5 h6) 12. Ba3 $1 $11 e4 13. Ng5 e3 {aiming for ...exf2+.} 14. f4 h6 15. Nf3 (15. Nge4 $1 $11) 15... Ne4 (15... axb4 $17 16. Bxb4 Ng4) 16. Nxe4 Bxa1 17. Nd6 (17. b5 $14) 17... Bg7 (17... axb4 $11 18. Bxb4 (18. Rxa1 bxa3 19. Nxe8 Qxe8 $11) 18... Bf6) 18. c5 ({White should play} 18. b5 $16) 18... Rf8 ({Better is} 18... Re6 $14) 19. b5 $16 Nf6 20. Ne5 (20. bxc6 $18 Be6 21. Qd3 (21. Qxb7 Nd5 $14) 21... bxc6 22. Nd4) 20... Be6 21. Qxe3 Ng4 22. Nxg4 Bxg4 23. bxc6 bxc6 24. Bxc6 Ra7 {With the idea ...Re7.} 25. Qd3 Qf6 26. e4 (26. Bb5 $16) 26... Qd4+ $11 27. Qxd4 Bxd4+ 28. Kg2 Rc7 29. Nb5 $36 {[%mdl 2048] White fights for an advantage.} Rxc6 30. Nxd4 Rcc8 31. Nb5 Rfd8 32. Nd6 Rc7 33. Rc1 {Black must now prevent c6.} Rxd6 (33... Bd7 $11) 34. cxd6 $16 Rxc1 35. Bxc1 $11 {[%mdl 4096] Endgame KB-KB} Bd7 36. Bd2 Bxa4 37. Bxa5 Kf8 (37... f5 $16 {was worth a try.}) 38. Kf3 ({White should try} 38. g4 $18) 38... Ke8 39. Ke3 Kd7 40. Bb4 f5 41. g4 fxg4 42. f5 $1 {[%cal Rf5g6]} gxf5 43. exf5 h5 $2 (43... Bd1 $16 44. Kf4 Ke8) 44. Kf4 $1 $18 {[%cal Rf4g5]} Bb3 45. Kg5 Bf7 46. Kf6 $2 (46. f6 $1 $18 {and the rest is easy. And now Kh6 would win.} Ke6 47. Bc5) 46... Be8 $2 {[%mdl 8192]} (46... Bc4 $16) 47. Kg7 $1 h4 48. f6 $1 g3 49. h3 $1 g2 50. Bc5 Kc6 {[#]} 51. Bg1 $2 ({White has to play} 51. d7 $1 $18 {[%cal Rd7e8][%mdl 512]} Kxd7 52. f7 Bxf7 53. Kxf7) 51... Kxd6 $11 {The position is equal.} 52. f7 Bxf7 $1 53. Kxf7 Ke5 54. Kg6 Kf4 55. Bh2+ Kf3 $1 56. Kg5 {Av CentiPawn Loss W=-76/B=28. Weighted=-71/5} 1/2-1/2

[Event "FAI-ch 2020"]
[Site "Runavik"]
[Date "2020.10.31"]
[Round "7.3"]
[White "Nolsoe, Rani"]
[Black "Jacobsen, Heidrikur T."]
[Result "1/2-1/2"]
[WhiteElo "2061"]
[BlackElo "1873"]
[Annotator "TA"]
[PlyCount "107"]
[EventDate "2020.10.23"]
[EventType "tourn"]
[EventCountry "FAI"]
[SourceTitle "playchess.com"]
[Source "ChessBase"]
[SourceQuality "1"]

{[%evp 18,107,29,26,26,22,88,103,110,79,79,89,93,101,79,93,117,105,211,218,221,54,57,63,121,111,142,87,79,69,64,56,63,59,58,33,35,44,34,10,13,11,12,12,12,12,12,16,14,12,22,20,27,31,96,81,82,59,120,66,128,73,87,0,0,-5,-8,-11,0,0,0,0,0,0,0,0,0,0,0,0,0,0,0,0,0,0,0,0,0,0,0,0]} 1. e4 e5 2. Nf3 Nf6 3. Nc3 Nc6 4. Bb5 d6 5. d4 exd4 6. Nxd4 Bd7 7. Bxc6 bxc6 8. O-O Be7 9. Bf4 O-O 10. Re1 c5 {C66: Ruy Lopez: Steinitz Defence.} 11. Nb3 {[#]} Ng4 $146 (11... Rb8 $11 {keeps the balance.}) ({Predecessor:} 11... Bg4 12. Qd3 Nh5 13. Be3 Re8 14. Na5 Bf8 15. Nd5 Bd7 16. Nc3 h6 17. Rad1 Qc8 18. f4 {½-½ (46) Dzhumaev,M (2557)-Mirzoev,A (2557) Tashkent 2013}) 12. h3 $1 $16 {[%cal Rh3g4]} Ne5 {White is better.} 13. Bxe5 dxe5 14. Qd5 Be6 15. Qxe5 Bd6 16. Qh5 g6 17. Qe2 Qg5 (17... Re8 $16) 18. e5 $1 $18 {[%cal Re5d6]} Be7 19. Qe3 $2 ({Only move:} 19. Na5 $1 $18) 19... Qxe3 $14 20. Rxe3 Rad8 (20... Rab8 $14) 21. Ne4 $16 c4 {[#]} 22. Nbc5 (22. Na5 $142 $1) 22... Bf5 23. g4 Bxc5 24. Nxc5 Bxc2 25. Rc3 Bd3 $1 26. Nxd3 (26. e6 {is interesting.} Rfe8 27. Rd1 f5 28. g5 Rd6 29. Re1) 26... cxd3 $14 {[%mdl 4096] Endgame KRR-KRR} 27. Rd1 Rfe8 28. Rcxd3 (28. Rc5 {with more complications.} c6 29. Kg2 d2 30. f3 f6 31. Kf2) 28... Rxd3 29. Rxd3 {White wants to play Rd5.} Rxe5 {KR-KR} 30. Rc3 Ra5 31. a3 c5 $1 32. Kf1 Kf8 33. Ke2 Ke7 34. Kd3 Kd6 35. Kc4 a6 (35... h5 $14) 36. Rd3+ Ke6 37. Rd8 f5 {[#]} 38. f3 (38. g5 $1 $16) 38... Ke5 ({Black should try} 38... h5 $14) 39. gxf5 (39. Rd5+ $142 Kf4 40. b4 Rxa3 41. bxc5 fxg4 42. Rd4+ (42. fxg4 Ra4+ 43. Kb3 Ra1 $14) 42... Ke5 43. f4+ Ke6 44. hxg4) 39... gxf5 40. Rf8 (40. Rd5+ $16 Kf6 41. Rxc5 Ra4+ 42. Kd5) 40... Kf4 $11 {The position is equal.} 41. Rh8 Kxf3 42. Rxh7 f4 43. h4 Ke2 {White must now prevent ...Ra4+.} 44. Re7+ Kf2 45. h5 f3 46. h6 {White threatens h7 and mate.} Ra4+ 47. Kxc5 Rh4 {aiming for ...Rh5+.} 48. h7 Kf1 49. b4 f2 50. a4 Kg1 51. Rg7+ Kh2 52. Rf7 Kg1 {...Rxh7! is the strong threat.} 53. Rg7+ Kh2 54. Rf7 {Av CentiPawn Loss W=-12/B=-11. Weighted=-13/-11} 1/2-1/2